| 000 | 00804nas a2200265 4500 | ||
|---|---|---|---|
| 001 | BR0300245 | ||
| 003 | BR-BrBNA | ||
| 005 | 20231205103458.0 | ||
| 007 | ta | ||
| 008 | 230509b bl.|||p| |||| 00| 00por d | ||
| 040 |
_aBR-BrBNA _bpor _cBiblioteca Nacional de Agricultura |
||
| 041 | _a(Pt) | ||
| 072 | _aH20 | ||
| 100 | 1 | _aPimenta, C.J. | |
| 100 | 1 | _aChalfoun, S.M. | |
| 245 | 1 | _aComposição microbiana associada ao café em coco e benefício colhido em diferentes estádios de maturação | |
| 650 | _aCAFÉ | ||
| 650 | _aMATURAÇÃO | ||
| 650 | _aFRANGO | ||
| 650 | _aMATURAÇÃO | ||
| 650 | _aFRANGO | ||
| 773 | 0 |
_tCiência e Agrotecnologia (Brazil) _xISSN 1413-7054 _g(Jul-Ago 2001), v. 25(3) p. 677-682 _wBR0300245 |
|
| 909 |
_a202311 _bLúcia _c55 _dLúcia Elande |
||
| 942 |
_2AGRIS _n0 _cANA |
||
| 999 |
_c173090 _d173090 |
||